|
|
|
|
| LEADER |
00000nam0a2200000 4500 |
| 001 |
157570 |
| 005 |
20231101221956.0 |
| 010 |
|
|
|b 400 экз.
|z 978-5-89118-420-1
|
| 021 |
|
|
|a RU
|b 09-20909
|9 09-1240
|
| 035 |
|
|
|a (RuTPU)RU\TPU\book\170912
|
| 090 |
|
|
|a 157570
|
| 100 |
|
|
|a 20090413d2008 k y0rusy5002 ca
|
| 101 |
0 |
|
|a rus
|
| 102 |
|
|
|a RU
|
| 105 |
|
|
|a a z 001zy
|
| 200 |
1 |
|
|a Лимитирующие ресурсы и состав сообщества бактерий: эксперименты и модельный анализ
|f П. В. Фурсова, Е. С. Милько, А. П. Левич
|g Московский государственный университет им. М. В. Ломоносова (МГУ), Биологический факультет ; Российский фонд фундаментальных исследований (РФФИ)
|
| 210 |
|
|
|a Москва
|c ГЕОС
|d 2008
|
| 215 |
|
|
|a 162 с.
|c ил.
|
| 320 |
|
|
|a Библиогр.: с. 126-133.
|
| 330 |
|
|
|a В представленной монографии обобщаются результаты многолетних исследований сообществ диссоциантов бактерий Pseudomonas aeruginosa. Материалами служат данные собственных экспериментов авторов. Для решения задач количественного прогноза лимитирующих ресурсов и состава сообществ диссоциантов использована созданная авторским коллективом вариационная модель потребления и роста для экологических сообществ. Эта модель позволяет по известным потребностям физиологически различающихся групп организмов рассчитывать области лимитирования для любых сочетаний ресурсных факторов в среде и численности субпопуляций диссоциантов как функции лимитирующих рост ресурсов. В первой части книги рассмотрены генетические, физиолого-биохимические и морфологические особенности диссоциантов бактерий. Во второй части представлен обзор моделей, в основе которых лежат различные экстремальные принципы. Третья часть монографии посвящена математическим аспектам вариационной модели потребления и роста. Четвертая часть содержит результаты приложения вариационной модели к изучению стационарной стадии развития культур диссоциантов бактерий P.aeruginosa.
|
| 606 |
1 |
|
|a Бактерии
|x (микробиология)
|2 stltpush
|3 (RuTPU)RU\TPU\subj\68189
|9 83672
|
| 610 |
1 |
|
|a экологические сообщества
|
| 610 |
1 |
|
|a диссоцианты
|
| 610 |
1 |
|
|a генетика
|
| 610 |
1 |
|
|a морфология
|
| 610 |
1 |
|
|a физиология
|
| 610 |
1 |
|
|a биохимия
|
| 610 |
1 |
|
|a математическая биология
|
| 610 |
1 |
|
|a экстремальные процессы
|
| 610 |
1 |
|
|a одноклеточные организмы
|
| 610 |
1 |
|
|a биология
|
| 610 |
1 |
|
|a вариационные модели
|
| 675 |
|
|
|a 579
|v 3
|
| 700 |
|
1 |
|a Фурсова
|b П. В.
|g Полина Викторовна
|
| 701 |
|
1 |
|a Милько
|b Е. С.
|g Елена Серафимовна
|
| 701 |
|
1 |
|a Левич
|b А. П.
|g Александр Петрович
|4 070
|
| 712 |
0 |
2 |
|a Московский государственный университет им. М. В. Ломоносова (МГУ)
|b Биологический факультет
|2 stltpush
|3 (RuTPU)RU\TPU\col\7
|
| 712 |
0 |
2 |
|a Российский фонд фундаментальных исследований (РФФИ)
|c (Москва)
|2 stltpush
|3 (RuTPU)RU\TPU\col\112
|
| 801 |
|
1 |
|a RU
|b 63413507
|c 20090409
|g PSBO
|
| 801 |
|
2 |
|a RU
|b 63413507
|c 20150528
|g PSBO
|
| 942 |
|
|
|c BK
|
| 959 |
|
|
|a 48/20090409
|d 2
|e 196,97
|f АНЛ:1
|f ЧЗТЛ:1
|